Normal view
MARC view
- Nobility
Entry Topical Term
001 - CONTROL NUMBER
- control field: 8390
003 - CONTROL NUMBER IDENTIFIER
- control field: NUST
005 - DATE AND TIME OF LATEST TRANSACTION
- control field: 20180115160511.0
008 - FIXED-LENGTH DATA ELEMENTS
- fixed length control field: 180115|| aca||aabn | a|a d
040 ## - CATALOGING SOURCE
- Original cataloging agency: NUST
- Transcribing agency: NUST
150 ## - HEADING--TOPICAL TERM
- Topical term or geographic name entry element: Nobility
- Geographic subdivision: England
- Form subdivision: Fiction.
670 ## - SOURCE DATA FOUND
- Source citation: Work cat.: (NUST)0: Mortimer, Carole. 8389, Lady surrender /, 2011.
